The life of Salah ud Din Ayyubi (Record no. 10718)

000 -LEADER
fixed length control field 00510 a2200169 4500
082 ## - DEWEY DECIMAL CLASSIFICATION NUMBER
Classification number 956.014092
090 ## - LOCALLY ASSIGNED LC-TYPE CALL NUMBER (OCLC); LOCAL CALL NUMBER (RLIN)
-- 6897
-- 6897
100 ## - MAIN ENTRY--PERSONAL NAME
Personal name Beha ud Din
245 ## - TITLE STATEMENT
Title The life of Salah ud Din Ayyubi
Statement of responsibility, etc. Beha ud Din
260 ## - PUBLICATION, DISTRIBUTION, ETC.
Place of publication, distribution, etc. Rawalpindi
Name of publisher, distributor, etc. Army Book Club
Date of publication, distribution, etc. 1983
300 ## - PHYSICAL DESCRIPTION
Extent xx, 420p.
Other physical details ill.:
Dimensions 27cm.
650 ## - SUBJECT ADDED ENTRY--TOPICAL TERM
Topical term or geographic name entry element Saladin, Sultan of Egypt and syria 1137-1193
650 ## - SUBJECT ADDED ENTRY--TOPICAL TERM
Topical term or geographic name entry element Egypt-kings and rulers-Biography
650 ## - SUBJECT ADDED ENTRY--TOPICAL TERM
Topical term or geographic name entry element Syria-kings and rulers-biography
655 ## - INDEX TERM--GENRE/FORM
Genre/form data or focus term Includes index
942 ## - ADDED ENTRY ELEMENTS (KOHA)
Koha item type Book
Call number prefix 956.014092 BEH
Holdings
Withdrawn status Lost status Damaged status Not for loan Permanent Location Current Location Date acquired Total Checkouts Total Renewals Full call number Barcode Date last seen Date last checked out Price effective from Koha item type
        Central Library (CL) Central Library (CL) 02/23/2022 3 1 956.014092 BEH SEECSD00431 02/11/2026 09/09/2025 11/14/2012 Book
© 2023 Central Library, National University of Sciences and Technology. All Rights Reserved.